Athlétisme 2023 : De quel pays est originaire le champion du monde ? - Statistiques

Statistiques générales
  • Ce quiz a été pris 381 fois
  • Le résultat moyen est 59 sur 75
Statistiques - réponses
Hint Réponse % Correct
Athlétisme en plein air 100 m H Etats-Unis
100%
Athlétisme en plein air 100 m F Etats-Unis
100%
Athlétisme en plein air 200 m H Etats-Unis
100%
Athlétisme en plein air 110 m haies H Etats-Unis
100%
Athlétisme en plein air 4 x 100 m H Etats-Unis
100%
Athlétisme en plein air 4 x 100 m F Etats-Unis
100%
Athlétisme en plein air 4 x 400 m H Etats-Unis
100%
Athlétisme en plein air Lancer du poids H Etats-Unis
100%
Athlétisme en plein air Lancer du poids F Etats-Unis
100%
Athlétisme en plein air Lancer du disque F Etats-Unis
100%
Athlétisme en plein air 4 x 400 m Mixte Etats-Unis
100%
Athlétisme en salle 800 m F Etats-Unis
100%
Athlétisme en salle 60 m haies H Etats-Unis
100%
Athlétisme en salle Saut à la perche F Etats-Unis
100%
Athlétisme en plein air Saut à la perche F Etats-Unis | Australie
100%
Athlétisme en plein air 200 m F Jamaïque
95%
Athlétisme en plein air 400 m H Jamaïque
95%
Athlétisme en plein air 100 m haies F Jamaïque
95%
Athlétisme en salle 4 x 400m F Jamaïque
95%
Athlétisme en salle 60 m haies F France
94%
Athlétisme en plein air 800 m F Kenya
93%
Athlétisme en plein air 1500 m F Kenya
93%
Athlétisme en plein air 5000 m F Kenya
93%
Athlétisme en plein air Saut à la perche H Suède
91%
Athlétisme en plein air Lancer du disque H Suède
91%
Athlétisme en salle Saut à la perche H Suède
91%
Athlétisme en plein air Saut en hauteur H Italie
90%
Athlétisme en salle 60 m H Italie
90%
Athlétisme en plein air 1500 m H Royaume-Uni
88%
Athlétisme en plein air Heptathlon F Royaume-Uni
88%
Athlétisme en plein air 800 m H Canada
87%
Athlétisme en plein air Lancer du marteau H Canada
87%
Athlétisme en plein air Lancer du marteau F Canada
87%
Athlétisme en plein air Décathlon H Canada
87%
Athlétisme en salle Heptathlon H Canada
87%
Athlétisme en plein air 10000 m F Ethiopie
87%
Athlétisme en plein air Marathon F Ethiopie
87%
Athlétisme en salle 1500 m H Ethiopie
87%
Athlétisme en salle 1500 m F Ethiopie
87%
Athlétisme en salle 3000 m H Ethiopie
87%
Athlétisme en salle 3000 m F Ethiopie
87%
Athlétisme en plein air 5000 m H Norvège
84%
Athlétisme en plein air 400 m haies H Norvège
84%
Athlétisme en plein air 400 m haies F Pays-Bas
83%
Athlétisme en plein air 4 x 400 m F Pays-Bas
83%
Athlétisme en plein air 20 km marche H Espagne
80%
Athlétisme en plein air 20 km marche F Espagne
80%
Athlétisme en plein air 35 km marche H Espagne
80%
Athlétisme en plein air 35 km marche F Espagne
80%
Athlétisme en salle 800 m H Espagne
80%
Athlétisme en plein air Lancer du javelot F Japon
74%
Athlétisme en plein air Saut en hauteur F Ukraine
74%
Athlétisme en salle Saut en hauteur F Ukraine
74%
Athlétisme en salle 4 x 400m H Belgique
71%
Athlétisme en salle Pentathlon F Belgique
71%
Athlétisme en plein air 3000 m steeple H Maroc
71%
Athlétisme en salle Lancer du poids H Brésil
64%
Athlétisme en plein air Saut en longueur H Grèce
63%
Athlétisme en salle Saut en longueur H Grèce
63%
Athlétisme en salle Lancer du poids F Portugal
63%
Athlétisme en salle Triple saut H Cuba
61%
Athlétisme en plein air Lancer du javelot H Inde
58%
Athlétisme en salle 60 m F Suisse
56%
Athlétisme en plein air 10000 m H Ouganda
48%
Athlétisme en plein air Marathon H Ouganda
48%
Athlétisme en plein air Triple saut F Venezuela
47%
Athlétisme en salle Triple saut F Venezuela
47%
Athlétisme en salle 400 m F Bahamas
40%
Athlétisme en plein air Saut en longueur F Serbie
40%
Athlétisme en salle Saut en longueur F Serbie
40%
Athlétisme en salle Saut en hauteur H Corée-du-Sud
37%
Athlétisme en plein air 400 m F République dominicaine
33%
Athlétisme en plein air Triple saut H Burkina Faso
31%
Athlétisme en salle 400 m H Trinité-et-Tobago
29%
Athlétisme en plein air 3000 m steeple F Bahrein
23%
Aucun quiz correspondant
Distribution des résultats
% des personnes avec chaque résultat
Percentile par nombre de réponses
Votre historique - résultats
Vous n’avez pas pris ce quiz